| 000 | 00987nam a2200265 i 4500 | ||
|---|---|---|---|
| 001 | 12169 | ||
| 003 | KOSZ 005 | ||
| 005 | 20220527095507.0 | ||
| 008 | 071114s1968 pl ab f 001 0 pol | ||
| 015 | _aPB 1968/2449 | ||
| 040 |
_aWA N _cKOSZ 005/RW _dKOSZ 005/RW |
||
| 080 | _a37(091) | ||
| 245 | 0 | 0 |
_aHistoria wychowania. _nT. 2 / _cred. Łukasza Kurdybachy ; Pracownia Dziejów Oświaty Polskiej Akademii Nauk. |
| 250 | _aWyd. 1, rzut 2. | ||
| 260 |
_aWarszawa : _bPaństwowe Wydawnictwo Naukowe, _c1968. |
||
| 300 |
_a893, [2] s., [57] k. tabl. : _bil., mapa ; _c25 cm. |
||
| 380 | _aKsiążki. | ||
| 504 | _aBibliogr. przy rozdz. Indeks. | ||
| 650 | 4 | _aHistoria wychowania | |
| 658 | _aEdukacja i pedagogika | ||
| 700 | 1 |
_aKurdybacha, Łukasz _d(1907-1972) _eRedakcja |
|
| 710 | 2 |
_aPaństwowe Wydawnictwo Naukowe _4pbl. |
|
| 856 |
_uhttp://koha.tu.koszalin.pl/cgi-bin/koha/opac-detail.pl?biblionumber=12169 _yKatalog online BPK |
||
| 942 |
_2UKD _cKS |
||
| 999 |
_c12169 _d12169 |
||